000 00511nam a2200181 a 4500
001 000040584
005 20201002034231.0
008 130902s2006 dr 000 0 spa d
020 _a8478841911
040 _aDO-SdBNP
_bspa
_cBNPHU
245 0 0 _aCuentos cubanos /
_cOnelio Jorge Cardoso...[et.al].
250 _a3a. ed.
260 _aMadrid :
_bEditorial Popular,
_c2006.
300 _a118 p. ;
_c20 cm.
490 1 _aLetras Grande
700 1 _aCardoso, Onelio Jorge
_923435
830 0 _aLetras Grande
_966917
999 _c40074
_d40074